Heed the sirens' call when searching for dispute resolution (Record no. 75018)

MARC details
000 -LEADER
fixed length control field 01280cab a2200217 4500
001 - CONTROL NUMBER
control field L129249
008 - FIXED-LENGTH DATA ELEMENTS--GENERAL INFORMATION
fixed length control field 050404n2005 000 0 eng u
035 ## - SYSTEM CONTROL NUMBER
System control number (Sirsi) u129249
041 ## - LANGUAGE CODE
Language code of text/sound track or separate title eng
100 ## - MAIN ENTRY--PERSONAL NAME
Personal name Franklin, Kim
245 ## - TITLE STATEMENT
Title Heed the sirens' call when searching for dispute resolution
260 ## - PUBLICATION, DISTRIBUTION, ETC.
Date of publication, distribution, etc. 2005
490 ## - SERIES STATEMENT
Series statement Architects' Journal
Volume/sequential designation 221(12) 31 March 2005, 40(1)
520 ## - SUMMARY, ETC.
Summary, etc. Discusses the definition of a dispute with reference to "Amec Civil Engineering v SoS Transport" ([2004] EWHC 2339 (TCC), unreported). This gave seven pointers to help identify a dispute which included the fact that the word dispute has no special or unusual meaning given to it by lawyers. Previous cases provide no hard rules on this issue but can give useful guidance. These propositions were endorsed by the CA in "Collins (Contractors) Ltd v Baltic Quay Management (1994) Ltd" ([2004] EWCA Civ 1757, The Times 3 January 2005).
590 ## - LOCAL NOTE (RLIN)
Local note IKA150405
650 ## - SUBJECT ADDED ENTRY--TOPICAL TERM
Topical term or geographic name entry element AMEC CIVIL ENGINEERING LTD V SOS TRANSPORT
650 ## - SUBJECT ADDED ENTRY--TOPICAL TERM
Topical term or geographic name entry element COLLINS (CONTRACTORS) LTD V BALTIC QUAY MANAGEMENT (1994) LTD
650 ## - SUBJECT ADDED ENTRY--TOPICAL TERM
Topical term or geographic name entry element HOUSING GRANTS, CONSTRUCTION AND REGENERATION ACT 1996
690 ## - LOCAL SUBJECT ADDED ENTRY--TOPICAL TERM (OCLC, RLIN)
Topical term or geographic name as entry element MANAGEMENT-DISPUTE AVOIDANCE, MANAGEMENT AND RESOLUTION-DISPUTE MANAGEMENT AND RESOLUTION
942 ## - ADDED ENTRY ELEMENTS (KOHA)
Suppress in OPAC 0
Holdings
Withdrawn status Lost status Source of classification or shelving scheme Damaged status Not for loan Home library Current library Shelving location Date acquired Total Checkouts Full call number Barcode Date last seen Copy number Price effective from Koha item type
    Dewey Decimal Classification     London London Journal article 04/04/2005   L129249 129249-1001 06/08/2019 1 06/08/2019 Journal article